00510 2200205 4500001002100000005001500021008004100036020002200077035001900099041000700118082000800125090001400133100001700147245002300164250001000187260005100197300002900248500001100277650001600288INLIS00000000000417320241224112848241224||||||||| | ||| |||| || |  a978-602-8054-42-3 0010-1224004173 aid0 a410 a410 RUD t0 aRudi Hartono00aTeori Penerjemahan aEd. 1 aSemarangbCipta Prima Nusantara Semarangc2009 avi, 111 hlm.; 19 x 26 cm aCet. 2 0aIlmu Bahasa